[Event "ch-FRA Blitz Online Qual"]
[Site "Europe-Chess INT"]
[Date "2020.05.16"]
[Round "5"]
[White "Schippke, Manon"]
[Black "Alloui-Cros, Baptiste"]
[Result "1/2-1/2"]
[WhiteElo "1873"]
[BlackElo "2139"]
[WhiteFideId "45100446"]
[BlackFideId "20699824"]
[EventDate "2020.05.16"]

1. e4 Nf6 2. e5 Nd5 3. d4 d6 4. c4 Nb6 5. exd6 cxd6 6. Nf3 g6 7. Be2 Bg7 8. O-O
O-O 9. h3 Nc6 10. Be3 Bf5 11. Nc3 d5 12. c5 Nc4 13. Bxc4 dxc4 14. d5 Nb4 15. b3
Bxc3 16. Rc1 Bb2 17. Rxc4 Nxd5 18. Bd4 Bxd4 19. Rxd4 Be6 20. Ng5 Qc7 21. Rxd5
Bxd5 22. Qxd5 Rad8 23. Qc4 Qe5 24. Qh4 Qg7 25. Re1 e5 26. Nf3 Rfe8 27. Nxe5 f6
28. Qc4+ Kf8 29. Qf4 Rd5 30. Nf3 Rxe1+ 31. Nxe1 Rd1 32. Qb8+ Kf7 33. Qxb7+ Kg8
34. Qc8+ Qf8 35. Qe6+ Kg7 36. Qe2 Qd8 37. c6 Rc1 38. Kh2 Qd6+ 39. g3 Rxc6 40.
Nf3 Rc1 41. Qe3 Qc6 42. Qxa7+ Kh6 43. Qe3+ Kg7 44. Qa7+ Kg8 45. Qb8+ Kg7 46.
Qa7+ 1/2-1/2

[Event "ch-FRA Blitz Online Qual"]
[Site "Europe-Chess INT"]
[Date "2020.05.16"]
[Round "5"]
[White "Msellek, Ilyass"]
[Black "Villeneuve, Samuel"]
[Result "1-0"]
[WhiteTitle "FM"]
[WhiteElo "2316"]
[BlackElo "1807"]
[WhiteFideId "675938"]
[BlackFideId "20642105"]
[EventDate "2020.05.16"]

1. e4 c5 2. Nf3 Nc6 3. Bb5 g6 4. c3 Bg7 5. d4 cxd4 6. cxd4 d5 7. exd5 Qxd5 8.
Nc3 Qe6+ 9. Be3 a6 10. d5 Qd6 11. dxc6 axb5 12. Qxd6 exd6 13. Nxb5 Ke7 14. c7
Bxb2 15. Rb1 Rxa2 16. O-O Nf6 17. Bf4 Nd5 18. Bxd6+ Kd7 19. Rfd1 Kc6 20. Be5
Kxb5 21. Bxb2 Nxc7 22. Bxh8+ Kc6 23. Rbc1+ Kb6 24. Be5 Ne6 25. Rxc8 Nc5 26. Bd4 1-0

[Event "ch-FRA Blitz Online Qual"]
[Site "Europe-Chess INT"]
[Date "2020.05.16"]
[Round "5"]
[White "Alif, Yassine"]
[Black "Samoun, Florent"]
[Result "1-0"]
[BlackTitle "FM"]
[WhiteElo "1874"]
[BlackElo "2299"]
[WhiteFideId "45107203"]
[BlackFideId "664995"]
[EventDate "2020.05.16"]

1. d4 Nf6 2. c4 c6 3. Nc3 d5 4. Nf3 g6 5. Bg5 Bg7 6. e3 O-O 7. Be2 Bg4 8. O-O
Bxf3 9. Bxf3 e6 10. Rb1 Nbd7 11. cxd5 cxd5 12. Rc1 h6 13. Bh4 Rc8 14. Qb3 Nb6
15. Na4 Nxa4 16. Qxa4 Qb6 17. Rc2 Rxc2 18. Qxc2 Qc6 19. Qxc6 bxc6 20. Rc1 Rb8
21. b3 Rc8 22. Be2 Nd7 23. Ba6 Rc7 24. Bd8 c5 25. Bxc7 cxd4 26. exd4 Bxd4 27.
Bb5 Nc5 28. Bd6 Ne4 29. Bg3 Nc3 30. a4 f5 31. Kf1 e5 32. f3 Kf7 33. Bf2 Ke6 34.
Bxd4 exd4 35. Ke1 Ke5 36. Kd2 Kf4 37. Rxc3 dxc3+ 38. Kxc3 Ke3 39. b4 d4+ 40. Kc2
Kf2 41. a5 Kxg2 42. Bc6 Kxh2 43. b5 Kg3 44. b6 axb6 45. axb6 h5 46. b7 h4 47.
b8=Q+ Kh3 48. Qf4 Kg2 49. Qg5+ Kh3 50. f4 d3+ 51. Kd1 Kh2 52. Qg2# 1-0

[Event "ch-FRA Blitz Online Qual"]
[Site "Europe-Chess INT"]
[Date "2020.05.16"]
[Round "5"]
[White "Commin-Humeau, Augustin"]
[Black "Spitz, Christophe"]
[Result "0-1"]
[WhiteElo "1971"]
[BlackElo "2137"]
[WhiteFideId "26093006"]
[BlackFideId "608378"]
[EventDate "2020.05.16"]

1. e4 c5 2. c3 Nf6 3. e5 Nd5 4. d4 cxd4 5. Nf3 Nc6 6. cxd4 e6 7. Nc3 Nxc3 8.
bxc3 d6 9. exd6 Bxd6 10. Bd3 h6 11. O-O O-O 12. Qe2 Bd7 13. Bd2 a6 14. Qe4 f5
15. Qe2 g5 16. Bc4 Qf6 17. Rfe1 Rae8 18. Ne5 Bxe5 19. dxe5 Qg7 20. f4 Na5 21.
Rad1 Nxc4 22. Qxc4 Bc6 23. g3 Bd5 24. Qb4 Rc8 25. Be3 Rc4 26. Qb2 gxf4 27. Bf2
fxg3 28. hxg3 Rg4 29. Rd3 Kh7 30. Kh2 Rg8 31. Qb6 Rh4+ 32. gxh4 Qg2# 0-1

[Event "ch-FRA Blitz Online Qual"]
[Site "Europe-Chess INT"]
[Date "2020.05.16"]
[Round "5"]
[White "Sere, Nicolas"]
[Black "Dumas, Charles"]
[Result "1/2-1/2"]
[WhiteElo "1753"]
[BlackElo "2284"]
[WhiteFideId "36014320"]
[BlackFideId "675733"]
[EventDate "2020.05.16"]

1. e4 c5 2. Nf3 Nc6 3. d4 cxd4 4. Nxd4 Nf6 5. Nc3 d6 6. Bg5 Bd7 7. f4 Rc8 8.
Nxc6 Bxc6 9. Qd4 Qa5 10. Bxf6 gxf6 11. Be2 Bg7 12. O-O O-O 13. f5 Qe5 14. Qxe5
fxe5 15. g4 Bh6 16. Bd3 b5 17. Kf2 b4 18. Ne2 d5 19. exd5 Bxd5 20. g5 Bg7 21.
Ng3 e4 22. Nxe4 Bxb2 23. Rab1 Bd4+ 24. Kg3 a5 25. h4 Bxa2 26. Rbe1 Bc4 27. f6 e6
28. Nd6 Bxd3 29. Nxc8 Bxf1 30. Ne7+ Kh8 31. Rxf1 a4 32. h5 a3 33. Nc6 Bc3 34.
Na5 a2 35. Nb3 Ra8 36. Na1 Ra5 37. Kg4 Rd5 38. g6 hxg6 39. hxg6 Bxf6 40. Rxf6
fxg6 41. Rxe6 Rd1 42. Nb3 a1=Q 43. Nxa1 Rxa1 44. Rxg6 Rc1 45. Rb6 Rb1 46. Kf3
Kg7 47. Ke3 Kf7 48. Kd3 Ke7 49. Kc4 Rb2 50. Rxb4 Rxc2+ 51. Kb3 Rc1 52. Kb2 Rh1
53. Rb7+ Kd6 54. Rb3 Rh2+ 55. Kc3 Rh3+ 56. Kb4 Rxb3+ 57. Kxb3 1/2-1/2

[Event "ch-FRA Blitz Online Qual"]
[Site "Europe-Chess INT"]
[Date "2020.05.16"]
[Round "5"]
[White "Maugin, Narada"]
[Black "Robert, Mathias"]
[Result "0-1"]
[WhiteElo "1947"]
[BlackElo "2140"]
[WhiteFideId "45165025"]
[BlackFideId "26066769"]
[EventDate "2020.05.16"]

1. c4 Nf6 2. Nc3 g6 3. g3 Bg7 4. Bg2 d6 5. d4 O-O 6. Nf3 Nc6 7. O-O a6 8. h3 Rb8
9. d5 Na5 10. Nd2 c5 11. Rb1 b5 12. b3 Nd7 13. Qc2 Nb6 14. cxb5 axb5 15. Nxb5
Nxd5 16. Bxd5 Rxb5 17. Bg2 Bb7 18. e4 Nc6 19. a4 Nd4 20. Qd3 Rb6 21. Nc4 Ba6 22.
Be3 Bxc4 23. bxc4 Qc7 24. Bxd4 Bxd4 25. Rb5 Ra8 26. Qb3 Rxb5 27. axb5 Ra5 28. b6
Qb7 29. e5 Qb8 30. exd6 exd6 31. Rb1 Kg7 32. b7 Be5 33. f4 Bd4+ 34. Kh1 h5 35.
Qb6 Ra7 36. Qc6 h4 37. Qc8 Ra8 38. bxa8=Q Qxb1+ 39. Bf1 Qxf1+ 40. Kh2 Qg1# 0-1

[Event "ch-FRA Blitz Online Qual"]
[Site "Europe-Chess INT"]
[Date "2020.05.16"]
[Round "5"]
[White "Soubirou, Oriane"]
[Black "Redjem, Mohamed"]
[Result "1-0"]
[WhiteElo "2144"]
[BlackElo "1777"]
[WhiteFideId "686034"]
[BlackFideId "20608128"]
[EventDate "2020.05.16"]

1. e4 d5 2. exd5 Qxd5 3. Nf3 Nf6 4. d4 Bg4 5. Be2 c6 6. c4 Qd6 7. Nc3 e6 8. Qb3
Qc7 9. Bf4 Qc8 10. O-O Nbd7 11. Rfd1 Be7 12. Rac1 O-O 13. d5 Nb6 14. d6 Bd8 15.
a4 Nbd7 16. Qa3 Bb6 17. b4 c5 18. b5 a5 19. Qb2 Bd8 20. Ne5 Bxe2 21. Qxe2 Nxe5
22. Bxe5 Qd7 23. Ne4 b6 24. Nxf6+ Bxf6 25. Bxf6 gxf6 26. Qh5 Kh8 27. Rd3 Rg8 28.
Rh3 Rg7 29. Rd1 e5 30. Rg3 Rag8 31. Qh4 Rg6 32. Qe4 Rd8 33. Qc6 f5 34. Qxb6 Rxd6
35. Rxd6 Qxd6 36. Qxd6 Rxd6 37. h4 Rd4 38. Rb3 Rd7 39. b6 Rb7 40. Rb5 Kg7 41.
Kf1 Kf6 42. Ke2 Ke6 43. Rxc5 Rxb6 44. Rxa5 Rb4 45. c5 Rxh4 46. g3 Rc4 47. Kd3
Rc1 48. Ke3 f6 49. Kf3 Kd5 50. Ra7 Rxc5 51. a5 Rc3+ 52. Kg2 Ke4 53. Rxh7 f4 54.
gxf4 exf4 55. a6 f3+ 56. Kg3 f5 57. a7 Ra3 58. Rb7 f4+ 59. Kg4 Ra4 60. Re7+ Kd5
61. Kxf3 Kc6 62. Rf7 Kb6 63. Kg4 Ra2 64. f3 Kc6 65. Kxf4 Kd6 66. Kf5 Ra5+ 67.
Kg6 Ke6 68. f4 Ra6 69. Rf6+ 1-0

[Event "ch-FRA Blitz Online Qual"]
[Site "Europe-Chess INT"]
[Date "2020.05.16"]
[Round "5"]
[White "Lissillour, Baptiste"]
[Black "Carvallo, Henri"]
[Result "1-0"]
[WhiteElo "1731"]
[BlackElo "2069"]
[WhiteFideId "45179620"]
[BlackFideId "619914"]
[EventDate "2020.05.16"]

1. d4 d6 2. Nf3 Nf6 3. c4 Nbd7 4. Nc3 e5 5. e4 Be7 6. Be2 O-O 7. O-O c6 8. b3 a6
9. a4 Qc7 10. Bb2 a5 11. Qd2 exd4 12. Nxd4 Nc5 13. f3 Nfd7 14. Nf5 Re8 15. Nxe7+
Rxe7 16. Qg5 f6 17. Qg3 Nxb3 18. Rad1 Ne5 19. f4 Ng6 20. Bh5 Nf8 21. Ba3 Nc5 22.
e5 fxe5 23. fxe5 Rxe5 24. Rf7 Qxf7 25. Bxf7+ Kxf7 26. Rxd6 Rf5 27. Bxc5 Rxc5 28.
Ne4 Rf5 29. Rd8 Kg8 30. Qc7 Rf7 31. Qg3 Rd7 32. Nf6+ Kf7 33. Nxd7 Nxd7 34. Qc7
Ke7 35. Rxc8 Rxc8 36. Qxc8 Nc5 37. Qc7+ Ke6 38. Qxg7 Nxa4 39. Qxh7 Nc5 40. Qg6+
Ke5 41. h4 Kd4 42. h5 a4 43. h6 Kxc4 44. h7 a3 45. h8=Q a2 46. Qa1 1-0

[Event "ch-FRA Blitz Online Qual"]
[Site "Europe-Chess INT"]
[Date "2020.05.16"]
[Round "5"]
[White "Denjoy, Arnaud"]
[Black "Rouast, Joseph"]
[Result "1-0"]
[WhiteElo "2166"]
[BlackElo "1808"]
[WhiteFideId "26071185"]
[BlackFideId "45147000"]
[EventDate "2020.05.16"]

1. d4 Nf6 2. Nf3 e6 3. e3 c5 4. c4 d5 5. a3 cxd4 6. exd4 Nc6 7. Nc3 Be7 8. cxd5
Nxd5 9. Bd3 h6 10. O-O O-O 11. Bc2 Nf6 12. Re1 b6 13. Qd3 Bb7 14. Bf4 Re8 15.
Rad1 Bd6 16. Ne5 Bxe5 17. dxe5 Qxd3 18. Rxd3 Nh5 19. Bc1 g5 20. Rd7 Rab8 21. h4
gxh4 22. Bxh6 Red8 23. Rxd8+ Rxd8 24. Bg5 Rd7 25. f4 Ng7 26. Ne4 Kf8 27. Bh6 Rd4
28. Kf2 Kg8 29. Nd6 Rd5 30. Nxb7 Nd4 31. Be4 Rb5 32. b4 Ngf5 33. Bg5 a5 34. Nd6
Rd5 35. Bxd5 exd5 36. Nxf5 Nxf5 37. bxa5 bxa5 38. Rd1 1-0

[Event "ch-FRA Blitz Online Qual"]
[Site "Europe-Chess INT"]
[Date "2020.05.16"]
[Round "5"]
[White "Papadiamandis, Elliot"]
[Black "Siffert, Arman"]
[Result "1-0"]
[WhiteElo "2269"]
[BlackElo "1887"]
[WhiteFideId "36074160"]
[BlackFideId "45125350"]
[EventDate "2020.05.16"]

1. e4 c5 2. Nc3 a6 3. Nf3 b5 4. d4 cxd4 5. Nxd4 Bb7 6. Bd3 e6 7. a3 Ne7 8. O-O
Ng6 9. Be3 Be7 10. f4 Nc6 11. Nxc6 Bxc6 12. Bd4 Bf6 13. e5 Be7 14. Ne4 O-O 15.
Qe2 Qc7 16. Rad1 Rac8 17. g3 Rfd8 18. h4 Bxe4 19. Bxe4 Bc5 20. c3 Bxd4+ 21. Rxd4
d6 22. h5 Ne7 23. h6 g6 24. g4 dxe5 25. Rxd8+ Rxd8 26. f5 exf5 27. gxf5 Qd7 28.
fxg6 Nxg6 29. Qf3 Qe7 30. Qf6 Qxf6 31. Rxf6 Rd1+ 32. Kf2 Rd2+ 33. Ke3 Rxb2 34.
Rxa6 Kf8 35. Ra7 Rh2 36. Bd5 Rxh6 37. Rxf7+ Ke8 38. Rb7 Rh3+ 39. Kd2 Nf4 40.
Bc6+ Kd8 41. Bxb5 Rh2+ 42. Ke3 Rh3+ 43. Kd2 Rh2+ 44. Ke3 Rh3+ 45. Ke4 Rxc3 46.
a4 Kc8 47. Rxh7 Kb8 48. Kxe5 Nd3+ 49. Kd6 Rc8 50. Bc6 Nb4 51. Rb7+ Ka8 52. Rxb4+
Ka7 53. Kc5 Rc7 54. Kb5 Rg7 55. Rd4 Rg5+ 56. Rd5 Rg7 57. Rd7+ 1-0

[Event "ch-FRA Blitz Online Qual"]
[Site "Europe-Chess INT"]
[Date "2020.05.16"]
[Round "5"]
[White "Gordon, James"]
[Black "Ribiere, Damien"]
[Result "0-1"]
[WhiteElo "1775"]
[BlackElo "2083"]
[WhiteFideId "45186154"]
[BlackFideId "26041634"]
[EventDate "2020.05.16"]

1. d4 Nf6 2. Nf3 g6 3. c4 Bg7 4. Nc3 O-O 5. e4 d6 6. Be2 Bg4 7. Ng1 Bxe2 8.
Ngxe2 e5 9. O-O a5 10. d5 Na6 11. h3 Nd7 12. g4 Ndc5 13. Be3 Kh8 14. Kh2 Qd7 15.
f4 exf4 16. Nxf4 Rae8 17. Qc2 Qe7 18. Rae1 Be5 19. Kg1 Qh4 20. Qg2 f5 21. exf5
gxf5 22. Bf2 Qd8 23. Be3 fxg4 24. hxg4 Bxf4 25. Rxf4 Rxf4 26. Bxf4 Rxe1+ 27. Kh2
Qh4+ 28. Qh3 Qxh3+ 29. Kxh3 Kg7 30. Nb5 Kg6 31. b3 Re2 32. a4 Nxb3 33. Na7 Nbc5
34. Nb5 Nxa4 35. Nd4 Re4 36. Ne6 N4c5 37. Nf8+ Kf7 38. Bh6 Rxc4 39. Kh4 a4 0-1

[Event "ch-FRA Blitz Online Qual"]
[Site "Europe-Chess INT"]
[Date "2020.05.16"]
[Round "5"]
[White "Fondrat, Johan"]
[Black "Pottier, Simeon"]
[Result "0-1"]
[WhiteElo "1509"]
[BlackElo "2186"]
[WhiteFideId "45156069"]
[BlackFideId "26069296"]
[EventDate "2020.05.16"]

1. e4 c5 2. c3 d5 3. exd5 Qxd5 4. d4 Nf6 5. Nf3 g6 6. Be2 Bg7 7. Be3 cxd4 8.
Qxd4 O-O 9. O-O Nc6 10. Qxd5 Nxd5 11. Bg5 h6 12. Bh4 Nf4 13. Bc4 Bg4 14. Nbd2
Na5 15. Bxe7 Rfe8 16. Bd6 Nxc4 17. Bxf4 Nxb2 18. Rab1 Bxc3 19. Bxh6 Rad8 20.
Rfc1 Bf6 21. Rc2 b6 22. h3 Bxf3 23. Nxf3 Na4 24. Rc7 Re7 25. Rbc1 Rde8 26. Rxe7
Rxe7 27. Ng5 Bxg5 28. Bxg5 Rd7 29. Rc8+ Kg7 30. Bf4 f6 31. Be3 Kf7 32. Rc4 Nc5
33. Bxc5 bxc5 34. Rxc5 Ke6 35. Ra5 f5 36. Kh2 Kf6 37. Kg3 g5 38. f3 Kg7 39. h4
gxh4+ 40. Kxh4 Kg6 41. g3 Rh7# 0-1

[Event "ch-FRA Blitz Online Qual"]
[Site "Europe-Chess INT"]
[Date "2020.05.16"]
[Round "5"]
[White "Popov, Konstantin"]
[Black "Saba, Nathalie"]
[Result "1-0"]
[WhiteTitle "FM"]
[WhiteElo "2366"]
[BlackElo "1626"]
[WhiteFideId "34137910"]
[BlackFideId "26095939"]
[EventDate "2020.05.16"]

1. e4 c5 2. Nf3 Nc6 3. d4 cxd4 4. Nxd4 g6 5. c4 Bg7 6. Be3 d6 7. Nc3 Nf6 8. Be2
O-O 9. O-O Bd7 10. f3 a6 11. Qd2 Rb8 12. b3 Nxd4 13. Bxd4 b5 14. cxb5 axb5 15.
b4 Be6 16. a3 Bc4 17. Bxc4 bxc4 18. Rfc1 e6 19. Rc2 d5 20. Rd1 Ra8 21. exd5 exd5
22. Bxf6 Bxf6 23. Nxd5 Rxa3 24. Rxc4 Bg7 25. Rc8 Qd7 26. Nf6+ 1-0

[Event "ch-FRA Blitz Online Qual"]
[Site "Europe-Chess INT"]
[Date "2020.05.16"]
[Round "5"]
[White "Laignel, Quentin"]
[Black "Morais, Mario"]
[Result "1/2-1/2"]
[WhiteElo "1420"]
[BlackElo "2061"]
[WhiteFideId "45169128"]
[BlackFideId "614270"]
[EventDate "2020.05.16"]

1. d4 Nf6 2. Bg5 d5 3. Bxf6 exf6 4. e3 Be7 5. g3 O-O 6. Bg2 c6 7. Nd2 Bf5 8. Ne2
Qd7 9. Nf4 Bd6 10. O-O Re8 11. c3 Na6 12. Re1 Nc7 13. Qb3 Ne6 14. Nxe6 fxe6 15.
e4 Bg6 16. exd5 exd5 17. Rac1 Bd3 18. Nf3 Rad8 19. Rcd1 Bc4 20. Qc2 Qg4 21. a3
g6 22. Rxe8+ Rxe8 23. Re1 Rxe1+ 24. Nxe1 Kf7 25. h3 Qe2 26. Qxe2 Bxe2 27. Bf1
Bxf1 28. Kxf1 Ke6 29. Ke2 h5 30. Nd3 Kf5 31. Kf3 g5 32. g4+ hxg4+ 33. hxg4+ Ke6
34. Kg2 b6 35. f3 c5 36. Kf2 c4 37. Nc1 f5 38. Na2 a5 39. Ke2 Bf4 40. Kd1 fxg4
41. fxg4 Kd6 42. Kc2 Kc6 43. Nc1 Bxc1 44. Kxc1 Kb5 45. Kb1 Ka4 46. Kc1 Kb3 47.
Kb1 b5 48. Kc1 Ka2 49. Kc2 Ka1 50. Kc1 Ka2 51. Kc2 Ka1 52. Kc1 Ka2 1/2-1/2

[Event "ch-FRA Blitz Online Qual"]
[Site "Europe-Chess INT"]
[Date "2020.05.16"]
[Round "5"]
[White "Ciarletta, Iris"]
[Black "Masset, Jacques"]
[Result "0-1"]
[WhiteElo "1493"]
[BlackElo "2058"]
[WhiteFideId "45133263"]
[BlackFideId "20603703"]
[EventDate "2020.05.16"]

1. d4 d5 2. c4 c6 3. Nc3 Nf6 4. Bg5 e6 5. Nf3 dxc4 6. e4 b5 7. e5 h6 8. exf6
hxg5 9. fxg7 Bxg7 10. Qd2 g4 11. Ng1 Qxd4 12. Qxd4 Bxd4 13. Nge2 Bg7 14. O-O-O
Nd7 15. Ne4 Bf8 16. Nd4 Bb7 17. Be2 O-O-O 18. Nc2 Be7 19. Nc3 Nf6 20. Rxd8+ Rxd8
21. h4 gxh3 22. Rxh3 a6 23. g4 c5 24. g5 Ne4 25. Nxe4 Bxe4 26. f4 Bd6 27. Bg4
Bxf4+ 28. Ne3 Rd3 29. Rh8+ Kc7 30. g6 Bxe3+ 31. Kc2 Rd8+ 32. Kc3 Rxh8 33. gxf7
Rd8 34. Bxe6 Bd2# 0-1

[Event "ch-FRA Blitz Online Qual"]
[Site "Europe-Chess INT"]
[Date "2020.05.16"]
[Round "5"]
[White "Antao, Amory"]
[Black "Cadieu, Corentin"]
[Result "0-1"]
[WhiteElo "2099"]
[BlackElo "1524"]
[WhiteFideId "36049700"]
[BlackFideId "26023180"]
[EventDate "2020.05.16"]

1. Nc3 d5 2. e4 dxe4 3. Nxe4 Bf5 4. Ng3 Bg6 5. Bc4 e6 6. Nf3 Nf6 7. O-O Bd6 8.
c3 O-O 9. d4 Nbd7 10. Be3 c6 11. Nh4 Nb6 12. Be2 Nbd5 13. Nxg6 hxg6 14. Bd2 Bxg3
15. hxg3 Ne4 16. Bf3 Nxd2 17. Qxd2 Qc7 18. Rae1 Rfe8 19. Kh2 Rad8 20. Rh1 e5 21.
Kg1 exd4 22. Rxe8+ Rxe8 23. cxd4 Nf6 24. Rh4 Qe7 25. Kh2 Qe1 26. Qc2 Nd5 27. a3
Nf6 28. g4 Ne4 29. d5 cxd5 30. Qa4 Ng5 31. Qd4 Nxf3+ 32. gxf3 Qe5+ 33. Qxe5 Rxe5
34. Kg3 Re2 35. g5 Rxb2 36. Rd4 Rb5 37. Kf4 Kf8 38. Ke5 Ke7 39. Rf4 d4+ 40. Kxd4
Rxg5 41. Re4+ Kd7 42. Kc4 Ra5 43. Kb4 Rf5 44. f4 a5+ 45. Kc4 b5+ 46. Kd4 Kd6 47.
f3 Rc5 48. Re8 Rc4+ 49. Ke3 Kd7 50. Rb8 Rc3+ 51. Ke4 Rxa3 52. Rxb5 Ra1 53. Rb7+
Ke8 54. Rb8+ Ke7 55. Rb7+ Kf6 56. Rb6+ Ke7 57. Rb7+ Ke8 58. Rb8+ Kd7 59. Rb7+
Kc6 60. Rxf7 a4 61. Rxg7 a3 62. Rxg6+ Kb5 63. Rg8 a2 64. Rb8+ Kc6 65. Kf5 Re1
66. Ra8 a1=Q 67. Rxa1 Rxa1 68. Kg6 Kd7 69. f5 Ke8 70. Kg7 Ra7+ 71. Kg8 Ke7 72.
Kg7 Ra6 73. f4 Rf6 0-1

[Event "ch-FRA Blitz Online Qual"]
[Site "Europe-Chess INT"]
[Date "2020.05.16"]
[Round "5"]
[White "Parligras, Mircea-Emilian"]
[Black "Mendoza, Mael"]
[Result "1-0"]
[WhiteTitle "GM"]
[WhiteElo "2591"]
[BlackElo "1451"]
[WhiteFideId "1204297"]
[BlackFideId "551036533"]
[EventDate "2020.05.16"]

1. e4 e5 2. Nf3 Nc6 3. Bb5 a6 4. Ba4 Nf6 5. O-O b5 6. Bb3 Be7 7. Re1 O-O 8. c3
d6 9. h3 Be6 10. d4 Bxb3 11. axb3 exd4 12. cxd4 Re8 13. Nc3 Bf8 14. Bg5 h6 15.
Bxf6 Qxf6 16. Nd5 Qd8 17. Rc1 Qd7 18. Qc2 Ne7 19. Qxc7 Qxc7 20. Nxc7 Rec8 21.
Nxa8 Rxa8 22. d5 f5 23. exf5 Nxd5 24. Nd4 Nf4 25. Rc7 Nd3 26. Re2 Nc5 27. Ne6
Nxb3 28. Nxf8 Kxf8 29. Ree7 Re8 30. Rf7+ Kg8 31. Rxg7+ Kf8 32. Rcf7# 1-0

[Event "ch-FRA Blitz Online Qual"]
[Site "Europe-Chess INT"]
[Date "2020.05.16"]
[Round "5"]
[White "Macon, Arthur"]
[Black "Maccagnan, Tomas"]
[Result "1-0"]
[WhiteTitle "FM"]
[WhiteElo "2310"]
[BlackElo "1968"]
[WhiteFideId "20654707"]
[BlackFideId "26091763"]
[EventDate "2020.05.16"]

1. Nf3 c5 2. g3 Nc6 3. Bg2 Nf6 4. O-O e5 5. d3 d5 6. Nbd2 Bd6 7. e4 O-O 8. Re1
h6 9. exd5 Nxd5 10. Nc4 f6 11. Nxd6 Qxd6 12. c3 Be6 13. d4 cxd4 14. cxd4 exd4
15. Nxd4 Nxd4 16. Qxd4 Rfd8 17. Bd2 Bf7 18. Rad1 Qb6 19. Qxb6 axb6 20. a3 Rac8
21. Rc1 f5 22. Bh3 g6 23. Bxh6 Re8 24. Rxe8+ Rxe8 25. Bf1 Nf6 26. Be3 Nd5 27.
Bg5 Re4 28. h4 Kg7 29. Bd2 f4 30. Bg2 Rd4 31. Bxd5 Rxd2 32. Bxf7 Kxf7 33. Rc7+
Kf6 34. Rxb7 Rxb2 35. g4 Rb3 36. a4 Rb4 37. Kg2 Rxa4 38. Rxb6+ Kg7 39. Kf3 Rd4
40. Re6 Rc4 41. Re4 Rc3+ 42. Kxf4 Rc2 43. Kg3 Rc3+ 44. f3 Rc1 45. Ra4 Rg1+ 46.
Kf4 Rh1 47. Kg5 Rc1 48. Ra7+ Kg8 49. Kxg6 Rc6+ 50. Kh5 1-0

[Event "ch-FRA Blitz Online Qual"]
[Site "Europe-Chess INT"]
[Date "2020.05.16"]
[Round "5"]
[White "Delorme, Alban"]
[Black "Zienkiewicz, Jan"]
[Result "1-0"]
[WhiteTitle "FM"]
[WhiteElo "2322"]
[BlackElo "1914"]
[WhiteFideId "623636"]
[BlackFideId "45116768"]
[EventDate "2020.05.16"]

1. e4 c5 2. Nf3 Nc6 3. d4 cxd4 4. Nxd4 e5 5. Nb5 d6 6. Be3 f5 7. exf5 Bxf5 8.
N1c3 a6 9. Na3 Nf6 10. Nc4 b5 11. Nb6 Rb8 12. Nbd5 b4 13. Nxf6+ Qxf6 14. Nd5 Qd8
15. Bxa6 Qa5 16. O-O Be7 17. a3 O-O 18. axb4 Qd8 19. Bc4 Kh8 20. b5 Na5 21. Rxa5
Qxa5 22. Nxe7 Qb4 23. b3 Be4 24. Nc6 Bxc6 25. bxc6 Rbc8 26. Qd5 Qc3 27. Qxd6
Qxc2 28. c7 Ra8 29. h3 Qf5 30. Bc5 Rfe8 31. Bd5 Rac8 32. Bb7 e4 33. Bxc8 1-0

[Event "ch-FRA Blitz Online Qual"]
[Site "Europe-Chess INT"]
[Date "2020.05.16"]
[Round "5"]
[White "Zniber, Reda"]
[Black "Barbaras, Mathieu"]
[Result "0-1"]
[WhiteElo "1986"]
[BlackElo "2200"]
[WhiteFideId "36054224"]
[BlackFideId "20622910"]
[EventDate "2020.05.16"]

1. c4 e5 2. g3 Nc6 3. Bg2 Bc5 4. Nc3 d6 5. e3 a6 6. Nge2 Ba7 7. O-O h5 8. h3 h4
9. g4 f5 10. f3 Be6 11. b3 Qd7 12. Kh1 O-O-O 13. Bb2 Nf6 14. d4 exd4 15. exd4 d5
16. c5 g5 17. Qd3 Bb8 18. b4 Nxb4 19. Qd2 a5 20. a3 Na6 21. Nd1 a4 22. Rb1 c6
23. Bc1 Qc7 24. f4 fxg4 25. hxg4 Nxg4 26. Ng1 h3 27. Bf3 Nf6 28. fxg5 Ne4 29.
Bxe4 dxe4 30. Rb2 Nxc5 31. Nf2 e3 32. Qxe3 Bd5+ 33. Ne4 Bxe4+ 34. Nf3 Bxf3+ 35.
Rxf3 Rde8 36. Qf2 Ne4 37. Qg1 Ng3+ 38. Rxg3 Qxg3 0-1

[Event "ch-FRA Blitz Online Qual"]
[Site "Europe-Chess INT"]
[Date "2020.05.16"]
[Round "5"]
[White "Maisuradze, Nino"]
[Black "Briand, Amaury"]
[Result "1/2-1/2"]
[WhiteTitle "WGM"]
[WhiteElo "2214"]
[BlackElo "1929"]
[WhiteFideId "13601717"]
[BlackFideId "36054968"]
[EventDate "2020.05.16"]

1. c4 e5 2. Nc3 Nf6 3. g3 c6 4. Bg2 d5 5. cxd5 cxd5 6. d4 exd4 7. Qxd4 Nc6 8.
Qd1 d4 9. Ne4 Bb4+ 10. Bd2 Bxd2+ 11. Qxd2 Nxe4 12. Bxe4 O-O 13. Nf3 Bd7 14. O-O
Qf6 15. Bxc6 Bxc6 16. Qxd4 Qe6 17. Rfe1 Rad8 18. Qh4 Rfe8 19. Nd4 Qd5 20. Nxc6
Qxc6 21. Rad1 Rxd1 22. Rxd1 Rxe2 23. Rd8+ Re8 24. Qe7 Qc1+ 25. Kg2 Qc6+ 26. f3
Qc2+ 27. Kh3 Qf5+ 28. Kg2 Qc2+ 29. Kf1 Qc1+ 30. Kf2 Qc2+ 31. Ke3 Qc1+ 32. Kf2
Qc2+ 33. Kg1 Qc1+ 34. Kg2 Qc2+ 1/2-1/2

[Event "ch-FRA Blitz Online Qual"]
[Site "Europe-Chess INT"]
[Date "2020.05.16"]
[Round "5"]
[White "Devallee, Jeremie"]
[Black "Blanchard, Samuel"]
[Result "1-0"]
[WhiteTitle "FM"]
[WhiteElo "2230"]
[BlackElo "1921"]
[WhiteFideId "665240"]
[BlackFideId "36023990"]
[EventDate "2020.05.16"]

1. e4 e6 2. Nf3 d5 3. e5 c5 4. b4 cxb4 5. a3 Nc6 6. axb4 Bxb4 7. c3 Bf8 8. d4
Bd7 9. Bd3 f6 10. O-O f5 11. c4 Nge7 12. Nc3 dxc4 13. Bxc4 a6 14. d5 exd5 15.
Nxd5 b5 16. Bb3 Na5 17. Rxa5 Qxa5 18. Nf6+ gxf6 19. exf6 O-O-O 20. fxe7 Bxe7 21.
Bf4 Bc6 22. Qc2 Kb7 23. Ne5 Rc8 24. Nxc6 Rxc6 25. Bd5 Rc8 26. Qxf5 Bd8 27. Qd7+
Ka8 28. Qxc8+ 1-0

[Event "ch-FRA Blitz Online Qual"]
[Site "Europe-Chess INT"]
[Date "2020.05.16"]
[Round "5"]
[White "Mallassagne, Francois-Eric"]
[Black "Weisman, Nathan"]
[Result "1-0"]
[WhiteElo "2163"]
[BlackElo "2186"]
[WhiteFideId "620025"]
[BlackFideId "36060895"]
[EventDate "2020.05.16"]

1. d4 d5 2. Nf3 e6 3. Bg5 Nf6 4. e3 c5 5. c3 Bd6 6. Nbd2 Nbd7 7. Bd3 Qc7 8. Rc1
b6 9. O-O O-O 10. Bh4 h6 11. Re1 Bb7 12. Bb1 Ne4 13. Bg3 Nxg3 14. hxg3 Nf6 15.
a3 Rfe8 16. e4 dxe4 17. Nxe4 Nxe4 18. Bxe4 Rad8 19. Qe2 Bxe4 20. Qxe4 cxd4 21.
cxd4 Qd7 22. b4 Bf8 23. Rc3 Rc8 24. Rec1 Rxc3 25. Rxc3 Rc8 26. Ne5 Qd8 27. Rf3
Rc7 28. b5 Bd6 29. Nc6 Qg5 30. a4 Qc1+ 31. Kh2 Qg5 32. Rd3 g6 33. d5 exd5 34.
Rxd5 Qf6 35. f4 Bc5 36. Qe8+ Kg7 37. Rd8 Qxd8 38. Qxd8 1-0